Medical Surgical Nursing : Clinical management for positive outcomes : Volume 1 (Record no. 157052)

MARC details
000 -LEADER
fixed length control field 00412nam a2200133Ia 4500
008 - FIXED-LENGTH DATA ELEMENTS--GENERAL INFORMATION
fixed length control field 230411s9999 xx 000 0 und d
041 ## - LANGUAGE CODE
Language code of text/sound track or separate title eng
082 ## - DEWEY DECIMAL CLASSIFICATION NUMBER
Classification number MS/610.73677/BLA/HAW/B06686
100 ## - MAIN ENTRY--PERSONAL NAME
Personal name Black Joyce M & Hawks Jane H
245 ## - TITLE STATEMENT
Title Medical Surgical Nursing : Clinical management for positive outcomes : Volume 1
260 ## - PUBLICATION, DISTRIBUTION, ETC. (IMPRINT)
Name of publisher, distributor, etc. Elsevier
Place of publication, distribution, etc. New Delhi
Date of publication, distribution, etc. 2000
300 ## - PHYSICAL DESCRIPTION
Extent 1368p
Holdings
Withdrawn status Lost status Damaged status Not for loan Collection code Home library Current library Date acquired Vendor Cost, normal purchase price Bill number Total Checkouts Full call number Barcode Date last seen Date last checked out Cost, replacement price Bill Date Koha item type Original Barcode
        MS Smt. Bakul Tambat Institute of Nursing Education Smt. Bakul Tambat Institute of Nursing Education 30/04/2011 B.J.Medical Co-oprative College Stores 1197.00 1290 1 MS 610.73677 BLA HAW B06686 BTIN-BK-6686 29/07/2024 25/07/2024 874.00 26/07/2005 Books B06686